Raj Rewal: Assian Games Village National Institute Of Immunology1980-82 1983-2000 Vol 1 (Record no. 364931)
[ view plain ]
| 000 -LEADER | |
|---|---|
| fixed length control field | 00433 a2200145 4500 |
| 005 - DATE AND TIME OF LATEST TRANSACTION | |
| control field | 20250205104454.0 |
| 008 - FIXED-LENGTH DATA ELEMENTS--GENERAL INFORMATION | |
| fixed length control field | 250204b |||||||| |||| 00| 0 eng d |
| 020 ## - INTERNATIONAL STANDARD BOOK NUMBER | |
| International Standard Book Number | 9789384204280 |
| 082 ## - DEWEY DECIMAL CLASSIFICATION NUMBER | |
| Classification number | 720.95/CUR |
| 100 ## - MAIN ENTRY--PERSONAL NAME | |
| Author | Curtis W J R |
| 245 ## - TITLE STATEMENT | |
| Title | Raj Rewal: Assian Games Village National Institute Of Immunology1980-82 1983-2000 Vol 1 |
| 260 ## - PUBLICATION, DISTRIBUTION, ETC. | |
| Name of publisher, distributor, etc. | Council Of Architecture |
| Date of publication, distribution, etc. | 2024 |
| Place of publication, distribution, etc. | Delhi |
| 300 ## - PHYSICAL DESCRIPTION | |
| Extent | 85p |
| Other physical details | PB |
| 942 ## - ADDED ENTRY ELEMENTS (KOHA) | |
| Koha item type | Books |
| Withdrawn status | Lost status | Source of classification or shelving scheme | Damaged status | Not for loan | Collection code | Home library | Current library | Date acquired | Vendor | Net Price | Total Checkouts | Full call number | Barcode | Date last seen | Date last checked out | Actual Price | Bill Date | Koha item type |
|---|---|---|---|---|---|---|---|---|---|---|---|---|---|---|---|---|---|---|
| Dewey Decimal Classification | Book of B Arch | Dr. Bhanuben Nanavati College of Architecture | Dr. Bhanuben Nanavati College of Architecture | 04/02/2025 | 172 | 476.00 | 1 | 720.95/CUR | BNCA-BK-13046 | 28/02/2025 | 25/02/2025 | 476.00 | 06/01/2025 | Books |